000 00649nam a2200205Ii 4500
003 JO-AjNU
008 230605s9999||||xx |||||||||||||| ||und||
017 _a2006/5/1087
040 _aJO-AjNU
_bara
_erda
_cJO-AjNU
041 _aara
050 1 4 _aLC5800.A65 2007
100 3 _aعامر،طارق عبد الرؤوف محمد,
_eauthor
_930982
245 0 0 _aالتربية والتعليم المستمر
264 3 1 _aعمان:دار اليازوري،2007
300 _a176ص
336 _atext
_btxt
_2rdacontent
337 _aunmediated
_bn
_2rdamedia
338 _avolume
_bnc
_2rdacarrier
650 4 _aالتعليم المستمر
_930983
999 _aA12343
_c15911
_d15911